000 00426nab a22001457 4500
003 ES-SlBCS
005 20210717170810.0
008 210717s2021 sp ||||| |||| 00| 0 spa d
040 _aES-SlBCS
_bspa
041 _aspa
100 1 _aGarcía, Loli
_9328688
245 1 0 _aRe.sintonizarse con uno mismo y con los demás
_cLoli García
773 0 _gNúm. 278, 2021, págs. 16-29
_tEducadores
_wRev370
_x0013-1113
942 _2lcc
_cAR
999 _c870174
_d870174